000 00366nam a2200145Ia 4500
008 230711s9999||||xx |||||||||||||| ||und||
041 _aENG
082 _a621
_bMU-I
100 _aMurray D.A
245 0 _aIntroductory course in differential equations
250 _a1st Ed.
260 _c1989
_aNew Delhi
_bOrient Longman Pvt.Ltd
650 _aMathematics
942 _cBK
999 _c240
_d240